|
|
|
|
| LEADER |
00755nta a2200205 i 4500 |
| 001 |
dipl120117 |
| 005 |
20211026084309.0 |
| 008 |
211021s2008 hu om 0|| hun d |
| 040 |
|
|
|a SZTE Diploma Repozitórium
|b hun
|
| 041 |
|
|
|a hun
|
| 100 |
1 |
|
|a Katona Istvánné
|
| 245 |
1 |
0 |
|a Családi szocializáció
|h [elektronikus dokumentum] :
|b "Engem ne szeressen senki" /
|c Istvánné Katona
|
| 246 |
1 |
0 |
|a Family Socialization : "Let nobody love me"
|h [elektronikus dokumentum]
|
| 260 |
|
|
|c 2008
|
| 650 |
|
4 |
|a Pedagógusképzés
|
| 650 |
|
4 |
|a Social sciences
|
| 650 |
|
4 |
|a Sociology
|
| 650 |
|
4 |
|a Family studies, social work
|
| 700 |
1 |
|
|a Szuromi István Tibor
|e ths
|
| 856 |
4 |
0 |
|u http://diploma.bibl.u-szeged.hu/id/eprint/120117/1/2008_katona_istvanne.pdf
|z Dokumentum-elérés
|